| 000 | 00992nam a22003257a 4500 | ||
|---|---|---|---|
| 001 | 0001198 | ||
| 003 | KOHA_MİRAKIL | ||
| 005 | 20260207001233.0 | ||
| 007 | ta | ||
| 008 | 081212b2008 tu |||gr||||#0|||0|tur | | ||
| 020 |
_a9753161719 _cYTL27,69 |
||
| 040 |
_aTR-BiSEU _btur _cTR-BiSEU _erda |
||
| 041 | 0 | _atur | |
| 044 | _ctu | ||
| 050 |
_aQA76.73.C15 _bS3 2008 |
||
| 100 | 1 | _aSchildt, Herbert. | |
| 245 | 1 |
_aC++ temel öğrenim klavuzu/ _cHerbert Schildt ; Herbert Schildt. |
|
| 250 | _a4.bs. | ||
| 264 | 1 |
_aİstanbul : _bAlfa Yayınları _c2008 |
|
| 300 | _a539 sayfa | ||
| 336 |
_ametin _btxt _2rdacontent |
||
| 337 |
_aaracısız _bn _2rdamedia |
||
| 338 |
_acilt _bnc _2rdacarrier |
||
| 650 | 0 |
_aC++ (Bilgisayar program dili). _92761 |
|
| 650 | 0 |
_aObject-oriented programming (Computer science). _94165 |
|
| 650 | 0 |
_aNesneye dayalı programlama (Bilgisayar bilimi). _94166 |
|
| 650 | 0 |
_aC++ (Computer program language). _91542 |
|
| 907 | _aBilgisayar | ||
| 942 |
_2lcc _cBK |
||
| 999 |
_c1192 _d1192 |
||